| 000 | 00823nam a22001457a 4500 | ||
|---|---|---|---|
| 005 | 20241216121227.0 | ||
| 008 | 241216b |||||||| |||| 00| 0 eng d | ||
| 020 | _a9780406987882 | ||
| 245 | _aLaw Reports of the Commonwealth 1999 Vol. 3 | ||
| 260 |
_aLondon, UK _bButterworths _c1999 |
||
| 300 |
_axxiv, 746 pages _c24 cm |
||
| 500 | _aGeneral Editors: Read James S. Prof. LL.B. of Gray’s Inn, Barrister. Slinn Peter E. M.A., PhD., Solicitor, England and Wales. Series Editor: Neville James BCL of King's Inn and of London's Inn, Barrister Sub-editor: Emile LLB, LLM, Ian Law. Editorial Consultant: Stafford Dianne, Director Legal and Constitutional Affairs Division, Commonwealth Secretariat. Senior Production Manager: Christine Stone | ||
| 650 |
_2Law Reports _xCommonwealth Nations |
||
| 942 |
_2lcc _cBK _n0 |
||
| 999 |
_c2317 _d2317 |
||